|
|
|
|
| LEADER |
01258nam a2200277 a 4500 |
| 001 |
c000164325 |
| 003 |
CARM |
| 005 |
19960220000000.0 |
| 008 |
890925s1985 mdu 000 0 eng d |
| 019 |
1 |
|
|a 4062130
|5 LACONCORD2021
|
| 035 |
|
|
|a (OCoLC)13531289
|5 LACONCORD2021
|
| 040 |
|
|
|a NUN
|b eng
|c NUN
|d ABN-SNR
|
| 082 |
0 |
4 |
|a 551.5112
|
| 100 |
1 |
|
|a Lienesch, James H.
|
| 245 |
1 |
4 |
|a The use of TOMS data in evaluating and improving the total ozone from TOVS measurements /
|c James H. Lienesch and Prabhat K.K. Pandey.
|
| 260 |
|
|
|a Rockville, MD :
|b National Environmental Satellite, Data, and Information Service, National Oceanic and Atmospheric Administration, U.S. Dept. of Commerce,
|c 1985.
|
| 300 |
|
|
|a iii, 18 p. :
|b ill.
|
| 440 |
|
0 |
|a NOAA technical report NESDIS ;
|v 23.
|
| 500 |
|
|
|a "July 1985"--Cover.
|
| 650 |
|
0 |
|a Atmospheric ozone
|x Measurement.
|
| 650 |
|
0 |
|a TIROS satellites.
|
| 700 |
1 |
|
|a Pandey, Prabhat K. K.
|
| 710 |
1 |
|
|a United States.
|b National Environmental Satellite, Data, and Information Service.
|
| 852 |
8 |
|
|b CARM
|h A2:AL35D5
|i D05652
|p 0211082
|f BK
|
| 999 |
f |
f |
|i 930220f8-e0a8-5837-91e9-ad2a0fa152fd
|s eba7ceb1-9755-5643-b5c3-1ec827429d8f
|
| 952 |
f |
f |
|p Can circulate
|a CAVAL
|b CAVAL
|c CAVAL
|d CARM 1 Store
|e D05652
|f A2:AL35D5
|h Other scheme
|i book
|m 0211082
|